[Event "2nd Indonesia Open"]
[Site "Jakarta INA"]
[Date "2012.10.12"]
[Round "2.30"]
[White "Gao Rui"]
[Black "Hidayat,A"]
[Result "1-0"]
[WhiteElo "2443"]
[BlackElo "2141"]

1.e4 d6 2.d4 Nf6 3.Nc3 e5 4.Nf3 Nbd7 5.Bc4 Be7 6.O-O O-O 7.Re1 c6 8.a4 b6
9.Bg5 Ne8 10.Be3 Nc7 11.Qd2 Kh8 12.Rad1 Qe8 13.Be2 a6 14.Ra1 Rb8 15.h3 Bb7
16.Bd3 Bc8 17.Ne2 c5 18.c3 b5 19.axb5 Nxb5 20.dxc5 dxc5 21.Ng3 g6 22.Bh6 Rg8
23.Bc4 Rb6 24.Bd5 Bf8 25.Bxf8 Qxf8 26.Nf1 Nd6 27.Ne3 Qh6 28.Qe2 Re8 29.Nc4 Nxc4
30.Bxc4 g5 31.Qd2 Rg8 32.Bxf7 Rd6 33.Bd5 Qf6 34.Nh2 Rf8 35.Re3 Qg7 36.Rg3 Rf4
37.Nf3 h6 38.Qe3 Rb6 39.b3 Qe7 40.Ra5 Rbf6 41.c4 Rb6 42.Qc3 Kh7 43.Ra1 Rf8
44.Rd1 Re8 45.Nh2 Nf6 46.Rf3 Rf8 47.Qa5 Rb4 48.Qa1 Kg7 49.Nf1 Nh5 50.Rxf8 Kxf8
51.Qc3 Nf4 52.Qe3 Kg7 53.Ng3 Qf8 54.Ra1 h5 55.Nxh5+ Kh6 56.Ng3 Kg6 57.Nf5 Rb6
58.Ra5 Bd7 59.Rxc5 Rxb3 60.Qxb3 Qxc5 61.Qb8 Bxf5 62.Qe8+ Kh6 63.exf5  1-0

[Event "2nd Indonesia Open"]
[Site "Jakarta INA"]
[Date "2012.10.12"]
[Round "2.8"]
[White "Milliet,S"]
[Black "Bocharov,D"]
[Result "0-1"]
[WhiteElo "2421"]
[BlackElo "2603"]

1.e4 d6 2.d4 Nf6 3.Nc3 e5 4.dxe5 dxe5 5.Qxd8+ Kxd8 6.Bc4 Ke8 7.Nf3 Bd6 8.Be3 a6
9.O-O b5 10.Bb3 Bb7 11.Ng5 Rf8 12.f3 h6 13.Nh3 Nbd7 14.a3 Ke7 15.Ba2 c5 16.Ne2 Rfc8
17.Ng3 Ke8 18.Nf5 Bf8 19.c4 bxc4 20.Bxc4 Nb6 21.Ba2 Rc6 22.Nf2 Nfd7 23.Nd1 h5
24.Bf2 c4 25.Nc3 g6 26.Ne3 Bc5 27.Rad1 Rac8 28.a4 Bd4 29.a5 Na8 30.Ned5 Bxf2+
31.Rxf2 Rc5 32.Ne3 Nf6 33.Rfd2 Ke7 34.h4 Rxa5 35.Bxc4 Nb6 36.Bb3 Rac5 37.Ned5+ Bxd5
38.Nxd5+ Nfxd5 39.Bxd5  0-1

[Event "2nd Indonesia Open"]
[Site "Jakarta INA"]
[Date "2012.10.12"]
[Round "3.26"]
[White "Situru,N"]
[Black "Milliet,S"]
[Result "1-0"]
[WhiteElo "2284"]
[BlackElo "2421"]

1.e4 d6 2.d4 Nf6 3.Nc3 e5 4.Nf3 Nbd7 5.Bc4 Be7 6.O-O O-O 7.a4 a6 8.h3 b6
9.dxe5 dxe5 10.Qe2 c6 11.Bg5 Qc7 12.Bh4 Bb7 13.Rfd1 b5 14.axb5 axb5 15.Rxa8 Bxa8
16.Ba2 Bb4 17.Nb1 h6 18.c3 Bc5 19.b4 Be7 20.Nbd2 Nb6 21.Bg3 Nfd7 22.Nd4 g6
23.h4 Qa7 24.Ra1 Na4 25.Qg4 Kh7 26.Nc2 Nf6 27.Qf3 Qd7 28.Bxe5 Qxd2 29.Bxf6 Bxf6
30.Qxf6 Qxc2 31.Bxf7 Qxe4 32.Bxg6+ Qxg6 33.Qxf8 Qg8 34.Qe7+ Qg7 35.Qe8 Qg8
36.Re1 Qxe8 37.Rxe8 Nxc3 38.Rxa8 Nd5 39.g4 Nxb4 40.Rc8 Kg7 41.Kg2 Nd3 42.Rxc6 b4
43.Rb6 Nf4+ 44.Kf3 Nd3 45.h5 Ne5+ 46.Ke4  1-0

[Event "TCh-ROU League A 2012"]
[Site "Olanesti ROU"]
[Date "2012.10.12"]
[Round "7.4"]
[White "Baciu,S"]
[Black "Gilea,L"]
[Result "1-0"]
[WhiteElo "2226"]
[BlackElo "2245"]

1.d4 d6 2.e4 Nf6 3.Nc3 e5 4.Nf3 Nbd7 5.Bc4 Be7 6.O-O O-O 7.h3 c6 8.a4 a5
9.Re1 h6 10.Be3 Re8 11.Bb3 Bf8 12.Qd3 Qc7 13.Nh4 exd4 14.Bxd4 Ne5 15.Qd2 c5
16.Bxe5 dxe5 17.Nd5 Nxd5 18.Bxd5 c4 19.Red1 Bc5 20.Qe2 Be6 21.Nf3 Rac8 22.Rd2 Bb6
23.c3 Re7 24.Ne1 Rd8 25.Rad1 Rd6 26.Nc2 Bc5 27.Ne3 Bxe3 28.Qxe3 Qd7 29.Qc5 Bxh3
30.Qxd6 Qg4 31.f3 Qg5 32.Qc5 Kh7 33.Kf1 Bd7 34.Bxc4 Bxa4 35.b3 Bc6 36.Bd5 Be8
37.Qxa5 h5 38.Qc5 h4 39.Re2 b6 40.Qe3 Qg3 41.f4 Qh2 42.f5 f6 43.Qh3 Qf4+
44.Rf2 Qg5 45.g3 Bh5 46.gxh4 Qh6 47.Re1 Be8 48.Kg1 Ra7 49.Qe3 Qh5 50.Qxb6 Re7
51.Qc5 Rd7 52.c4 Bf7 53.b4 Qg4+ 54.Rg2 Qf3 55.Qe3 Qh5 56.b5 Kg8 57.b6 Bxd5
58.cxd5 Qxh4 59.Rc1 Rb7 60.Rc5  1-0

[Event "34th Arco Open"]
[Site "Arco ITA"]
[Date "2012.10.13"]
[Round "1"]
[White "Salati,P"]
[Black "Schnitzspan,L"]
[Result "0-1"]
[WhiteElo "1887"]
[BlackElo "2325"]

1.e4 d6 2.d4 Nf6 3.Nc3 e5 4.d5 Be7 5.Nf3 O-O 6.Be2 c6 7.O-O cxd5 8.exd5 Na6
9.Re1 Bf5 10.Bd3 Bxd3 11.Qxd3 Nb4 12.Qd1 Qa5 13.Bg5 Rac8 14.Bxf6 Bxf6 15.a3 Na6
16.Ne4 Be7 17.Rc1 h6 18.c4 f5 19.Ned2 Bf6 20.Nb3 Qb6 21.Re2 Rf7 22.Na1 e4
23.Ne1 Rfc7 24.b3 Nb8 25.Nec2 g6 26.Kh1 Kh7 27.Qf1 Nd7 28.f3 exf3 29.Re6 Bg5
30.Rce1 Nc5 31.Re8 Rxe8 32.Rxe8 Nxb3 33.gxf3 Nd2 34.Qe2 Rg7 35.f4 Bxf4 36.Re7 Ne4
37.Rxg7+ Kxg7 38.Kg2 Qb2 39.h4 Qc3 40.Qf3 Qd2+  0-1

[Event "28th European Club Cup"]
[Site "Eilat ISR"]
[Date "2012.10.13"]
[Round "3.5"]
[White "Moen,A"]
[Black "Mamedyarov,S"]
[Result "0-1"]
[WhiteElo "2377"]
[BlackElo "2748"]

1.e4 d6 2.d4 Nf6 3.Nc3 c6 4.Nf3 Nbd7 5.Be2 e5 6.O-O b5 7.a3 Bb7 8.Bg5 Be7
9.Bxf6 Bxf6 10.d5 Qb8 11.Qd2 a6 12.dxc6 Bxc6 13.Rfd1 Be7 14.Nd5 Nf6 15.Nxf6+ gxf6
16.Bd3 Qb7 17.Nh4 Bxe4 18.f3 Bc6 19.Qh6 O-O-O 20.Nf5 d5 21.Nxe7+ Qxe7 22.a4 bxa4
23.Bxa6+ Kc7 24.Bd3 Ra8 25.Kh1 Rhb8 26.b3 a3 27.Ra2 e4 28.fxe4 dxe4 29.Bc4 e3
30.c3 Rg8 31.Qf4+ Qe5 32.Qxe5+ fxe5 33.Kg1 e2 34.Rxe2 Bf3 35.Ra1 Bxe2 36.Bxe2 Kd6
37.Kf2 Rgc8 38.Bc4 Rxc4 39.bxc4 Kc5  0-1

[Event "28th European Club Cup"]
[Site "Eilat ISR"]
[Date "2012.10.13"]
[Round "3.9"]
[White "Naylor,J"]
[Black "Bogut,Z"]
[Result "0-1"]
[WhiteElo "2144"]
[BlackElo "2441"]

1.e4 d6 2.d4 Nf6 3.Nc3 c6 4.Be3 Nbd7 5.g4 h6 6.f4 e5 7.g5 hxg5 8.fxg5 exd4
9.Bxd4 Nh5 10.Nf3 Ng3 11.Rg1 Nxf1 12.Rxf1 Qc7 13.g6 f6 14.Qd3 b5 15.O-O-O Rh3
16.Qd2 Nb6 17.Ng5 b4 18.Nxh3 Bxh3 19.Ne2 Bxf1 20.Rxf1 c5 21.Be3 O-O-O 22.Ng3 Qc6
23.Rd1 Qe8 24.Qd3 Qxg6 25.Bxc5 Qg5+ 26.Be3 Qa5 27.Kb1 Kb7 28.Bxb6 Kxb6 29.Nf5 Qb5
30.Qe3+ Qc5 31.Qb3 Re8 32.Rd4 Rxe4  0-1

[Event "2nd Indonesia Open"]
[Site "Jakarta INA"]
[Date "2012.10.13"]
[Round "5.33"]
[White "Sihite,Chelsie Monica"]
[Black "Milliet,S"]
[Result "1/2-1/2"]
[WhiteElo "2254"]
[BlackElo "2421"]

1.e4 d6 2.d4 Nf6 3.Nc3 e5 4.Nf3 Nbd7 5.Bc4 Be7 6.a4 O-O 7.O-O a6 8.a5 h6
9.h3 exd4 10.Qxd4 Ne5 11.Nxe5 dxe5 12.Qxd8 Rxd8 13.Nd5 Nxd5 14.Bxd5 c6 15.Bb3 Bc5
16.Be3 Bxe3 17.fxe3 Be6 18.Bxe6 fxe6 19.Rad1 Rac8 20.c4 c5 21.h4 Rb8 22.Kh2 b6
23.Rxd8+ Rxd8 24.axb6 Rb8 25.b4 Rxb6 26.bxc5 Rc6 27.Ra1 Rxc5 28.Ra4 Kf7 29.Kg3 h5
30.Kf3 a5 31.Ke2 g5 32.g3 gxh4 33.gxh4 Rc8 34.Rxa5 Rxc4 35.Kd3 Rc8 36.Rxe5 Rh8
37.Rg5 Kf6 38.e5+ Kf7 39.Ke4 Rh7 40.Kd4 Rh8 41.Kc5 Rc8+ 42.Kd6 Rd8+ 43.Kc7 Rd3
44.Rxh5 Rxe3 45.Rg5 Ke7 46.h5 Rc3+ 47.Kb6 Rh3 48.Kc5 Rh4 49.Rg7+ Kf8 50.Rh7 Kg8
51.Rd7 Rxh5 52.Kd6 Kf8 53.Kxe6 Rh6+ 54.Kd5 Ke8 55.Ra7 Rb6 56.Rc7 Rh6 57.Ke4 Ra6
58.Kf5 Rb6 59.Ra7 Rc6 60.Ra5 Rb6 61.Rd5 Ke7 62.Ra5 Rc6 63.e6 Rc1 64.Ra7+ Ke8
65.Ke5 Re1+ 66.Kd6 Rd1+ 67.Ke5 Re1+  1/2-1/2

[Event "22nd Metropolitan IM"]
[Site "Los Angeles USA"]
[Date "2012.10.13"]
[Round "7"]
[White "Duckworth,W"]
[Black "Kavutskiy,K"]
[Result "0-1"]
[WhiteElo "2281"]
[BlackElo "2287"]

1.d4 d6 2.e4 Nf6 3.Nc3 c6 4.Be3 Nbd7 5.Qd2 e5 6.Nge2 Be7 7.f3 O-O 8.d5 Nb6
9.b3 Re8 10.h3 cxd5 11.exd5 Bf5 12.g4 Bg6 13.h4 Rc8 14.h5 Bxc2 15.g5 e4 16.f4 Ng4
17.Bh3 Nxe3 18.Bxc8 Ng2+ 19.Kf1 Nxf4 20.Bg4 Bxg5 21.Qxc2 Qf6 22.Rh2 Nbxd5
23.Kg1 Nxe2+ 24.Bxe2 Nxc3 25.Rf1 Qe5 26.Kh1 Nxe2 27.Qxe2 d5 28.Qg4 f6 29.h6 e3
30.Qd7 Qe4+ 31.Kg1 gxh6 32.Re2 Re7 33.Qc8+ Kg7 34.Rd1 d4 35.Qc4 Rd7 36.Qb5 Qg4+
37.Kh1 a6 38.Qc4 Qh5+ 39.Kg2 Qg4+ 40.Kh1 Qf3+ 41.Kg1 Qd5 42.Qd3 Qb5 43.Qxb5 axb5
44.Rd3 Kg6 45.Kg2 Kf5 46.Kf3 Ke5 47.Rc2 Kd5 48.Rc1 Re7 49.Ke2 f5 50.Rc8 Re4
51.Rc7 Rh4 52.Rd7+ Ke5 53.Rd1 Rh2+ 54.Kd3 f4 55.Rf7 Bh4 56.Rxb7 f3 57.Rxb5+ Kf4  0-1

[Event "34th Arco Open"]
[Site "Arco ITA"]
[Date "2012.10.14"]
[Round "2"]
[White "Pipitone,A"]
[Black "La Manna,A"]
[Result "0-1"]
[WhiteElo "1940"]
[BlackElo "2193"]

1.e4 d6 2.d4 Nf6 3.Nc3 c6 4.a4 e5 5.Nf3 Nbd7 6.h3 Be7 7.Bd3 O-O 8.O-O Re8
9.Be3 Qc7 10.Re1 a6 11.a5 Bf8 12.Bg5 g6 13.Qd2 Bg7 14.Bh6 Nf8 15.Bc4 Be6
16.Bxg7 Kxg7 17.Bf1 c5 18.d5 Bd7 19.g4 h6 20.Re3 g5 21.Ne2 Ng6 22.Ng3 Nf4
23.Rb3 Rg8 24.Rb6 Rae8 25.Ra3 h5 26.Rab3 Bc8 27.Nf5+ Bxf5 28.exf5 Rb8 29.Ra3 N6xd5
30.Rbb3 c4 31.Re3 hxg4 32.hxg4 c3 33.bxc3 Nxe3 34.fxe3 Qc5 35.Rb3 Nd5 36.Kf2 f6
37.c4 Ne7 38.Kg3 Nc6 39.Rd3 Qxa5 40.c3 Rbd8 41.e4 Qc7 42.Nxg5 fxg5 43.Qxg5+ Kf8
44.Qf6+ Qf7 45.Rxd6 Rxd6 46.Qxd6+ Qe7 47.Qh6+ Qg7 48.Qd6+ Ke8 49.Qe6+ Kd8
50.f6 Qg5 51.Be2 Qf4+ 52.Kg2 Rh8 53.Qd6+ Kc8 54.Bf3 Rh2+  0-1

[Event "BSF IM Cup 2012"]
[Site "Copenhagen DEN"]
[Date "2012.10.14"]
[Round "4.2"]
[White "Schou Moldt,T"]
[Black "Skousen,N"]
[Result "1-0"]
[WhiteElo "2226"]
[BlackElo "2198"]

1.e4 d6 2.d4 Nf6 3.Nc3 c6 4.a4 Qa5 5.Bd3 e5 6.Ne2 Be7 7.O-O O-O 8.Bd2 Qc7
9.dxe5 dxe5 10.Ng3 a5 11.Kh1 Na6 12.Bc4 Nc5 13.Qb1 Be6 14.Qa2 Bxc4 15.Qxc4 Ne6
16.Nce2 Rad8 17.Bc3 b6 18.Nf5 Bc5 19.f3 Rd7 20.g3 Rfd8 21.Rab1 g6 22.Nh6+ Kg7
23.f4 Nd4 24.fxe5 Qxe5 25.Rf4 Kxh6 26.Rbf1 Nh5 27.Bd2 g5 28.Rh4 Kg6 29.Nxd4 Qxd4
30.Qe2 Nf6 31.Bc3 gxh4 32.Bxd4 Bxd4 33.e5 Ne8 34.Qg4+ Kh6 35.Rf5 Ng7 36.Qg5+  1-0

[Event "28th European Club Cup"]
[Site "Eilat ISR"]
[Date "2012.10.14"]
[Round "4.2"]
[White "Motylev,A"]
[Black "Natri,A"]
[Result "1-0"]
[WhiteElo "2655"]
[BlackElo "2219"]

1.e4 d6 2.d4 Nf6 3.Nc3 e5 4.Nf3 Nbd7 5.Bc4 Be7 6.O-O c6 7.a4 Qc7 8.a5 O-O
9.Re1 Rb8 10.Bf1 Re8 11.Be3 b6 12.axb6 axb6 13.d5 Bb7 14.dxc6 Bxc6 15.Nb5 Bxb5
16.Bxb5 Nxe4 17.Bxd7 Qxd7 18.Nxe5 Qb5 19.Nf3 Bf6 20.Bd4 d5 21.Re3 Re6 22.Bxf6 Rxf6
23.Qd4 Qc5 24.c4 Qxd4 25.Nxd4 Nxf2 26.cxd5 Ng4 27.Re4 h5 28.h3 Nf2 29.Re3 Kh7
30.Nc6 Rc8 31.Rf1 Ra8 32.g4 Nxg4 33.hxg4 Rg6 34.Ne5 Rg5 35.Rxf7 Rd8 36.Rf5 Rxf5
37.gxf5 Rxd5 38.Kf2 Rd2+ 39.Re2 Rd4 40.Kf3 Rb4 41.Rh2 h4 42.Nd3 Ra4 43.Nf4 Kg8
44.Rxh4 Rb4 45.Ng6 Rb3+ 46.Kf4  1-0

[Event "TCh-ROU League A 2012"]
[Site "Olanesti ROU"]
[Date "2012.10.14"]
[Round "9.6"]
[White "Barbuleanu,Serban-Ioan"]
[Black "Bacila,Mihai"]
[Result "1/2-1/2"]
[WhiteElo "1886"]
[BlackElo "1621"]

1.e4 d6 2.d4 Nf6 3.Nc3 Nbd7 4.Be3 e5 5.f3 Be7 6.Qd2 O-O 7.O-O-O c6 8.g4 Qc7
9.Kb1 a5 10.Nge2 b5 11.Ng3 Nb6 12.Nf5 Bxf5 13.exf5 Rfb8 14.g5 Nfd7 15.f6 Bf8
16.Bd3 Nc4 17.Bxc4 bxc4 18.Ka1 a4 19.a3 Rb7 20.Rb1 Qb8 21.h4 Ra6 22.d5 Nc5
23.Bxc5 dxc5 24.dxc6 Rxc6 25.Rhg1 Kh8 26.Ne4 Rcb6 27.c3 Qc8 28.Rgd1 Rb8 29.Qd7 Qb7
30.Qxb7 R6xb7 31.Rd5 Re8 32.Rbd1 gxf6 33.gxf6 Reb8 34.Rd8 Kg8 35.Rg1+ Kh8
36.Rgd1 Kg8 37.Rg1+ Kh8 38.Rgd1 Kg8  1/2-1/2

[Event "34th Arco Open"]
[Site "Arco ITA"]
[Date "2012.10.15"]
[Round "3"]
[White "Popa,Cl"]
[Black "Schnitzspan,L"]
[Result "1/2-1/2"]
[WhiteElo "2139"]
[BlackElo "2325"]

1.e4 d6 2.d4 Nf6 3.Nc3 e5 4.dxe5 dxe5 5.Qxd8+ Kxd8 6.Bg5 Be6 7.O-O-O+ Kc8
8.f3 c6 9.Nge2 Nbd7 10.Kb1 b5 11.Nc1 Nb6 12.Be3 Nfd7 13.Bd3 Bc5 14.Bxc5 Nxc5
15.Nb3 Nb7 16.Ne2 a5 17.c3 Kc7 18.Ng3  1/2-1/2

[Event "28th European Club Cup"]
[Site "Eilat ISR"]
[Date "2012.10.15"]
[Round "5.15"]
[White "Nyysti,S"]
[Black "Galego,L"]
[Result "0-1"]
[WhiteElo "2343"]
[BlackElo "2485"]

1.e4 d6 2.d4 c6 3.Nc3 Nf6 4.f4 Qa5 5.Bd3 e5 6.Nf3 Bg4 7.Be3 Nbd7 8.O-O Be7
9.h3 exf4 10.Bxf4 Bxf3 11.Qxf3 Qb6 12.Ne2 O-O 13.Kh1 Ne8 14.a4 a5 15.c3 g6
16.b4 axb4 17.cxb4 Ng7 18.a5 Qd8 19.Rac1 Nb8 20.Bd2 Bg5 21.Bxg5 Qxg5 22.d5 Nd7
23.dxc6 bxc6 24.Nd4 Ne5 25.Qd1 Nh5 26.Re1 c5 27.bxc5 dxc5 28.Rxc5 Rfd8 29.Rd5 Nf4
30.Rxd8+ Rxd8 31.Bf1 Ned3 32.Nf3 Qg3  0-1

[Event "17th European Club Cup w"]
[Site "Eilat ISR"]
[Date "2012.10.15"]
[Round "5.2"]
[White "Lahno,Kateri"]
[Black "Borsuk,A"]
[Result "1-0"]
[WhiteElo "2551"]
[BlackElo "2260"]

1.e4 d6 2.d4 Nf6 3.Nc3 e5 4.Nf3 Nbd7 5.Bc4 Be7 6.O-O O-O 7.Re1 c6 8.a4 b6
9.d5 c5 10.Nd2 a6 11.Bd3 Ne8 12.Nc4 Bg5 13.Bxg5 Qxg5 14.Rb1 Rb8 15.b4 Qd8
16.Qc1 Qc7 17.Qe3 g6 18.bxc5 Nxc5 19.Rb4 Nxa4 20.Nxa4 b5 21.Reb1 Rb7 22.Nab6 bxc4
23.Rxc4  1-0

[Event "2nd Indonesia Open"]
[Site "Jakarta INA"]
[Date "2012.10.15"]
[Round "6.8"]
[White "Wan Yunguo"]
[Black "Bocharov,D"]
[Result "1-0"]
[WhiteElo "2477"]
[BlackElo "2603"]

1.e4 d6 2.d4 Nf6 3.Nc3 e5 4.Nf3 Nbd7 5.Bc4 Be7 6.O-O O-O 7.Re1 c6 8.a4 exd4
9.Nxd4 Ne5 10.Ba2 Re8 11.h3 Bd7 12.f4 Ng6 13.Kh1 Bf8 14.Nf3 Qc7 15.Ng5 Re7
16.e5 dxe5 17.fxe5 Nxe5 18.Bf4 Be8 19.Qe2 Nfd7 20.Nf3 Qb6 21.Nxe5 Qxb2 22.Qd2 Nxe5
23.Rab1 Nf3 24.gxf3 Rxe1+ 25.Qxe1 Qxc2 26.Qe3 Qf5 27.Kg2 Bd7 28.Ne4 b6 29.Ng5 h6
30.Nxf7 Qxh3+ 31.Kf2 Kh7 32.Nd6 Qh4+ 33.Bg3 Qf6 34.Rd1 Rd8 35.Qe4+ g6 36.Be5 Qg5
37.Bg8+  1-0

[Event "2nd Indonesia Open"]
[Site "Jakarta INA"]
[Date "2012.10.16"]
[Round "8.13"]
[White "Wan Yunguo"]
[Black "Gagunashvili,M"]
[Result "0-1"]
[WhiteElo "2477"]
[BlackElo "2584"]

1.e4 d6 2.d4 Nf6 3.Nc3 e5 4.Nf3 Nbd7 5.Bc4 Be7 6.O-O O-O 7.Re1 c6 8.a4 Qc7
9.Ba2 h6 10.h3 Re8 11.Nh4 Nf8 12.dxe5 dxe5 13.Qf3 Be6 14.Nf5 Bxa2 15.Rxa2 Ne6
16.Ne2 Ng5 17.Bxg5 hxg5 18.Qe3 Nh7 19.Nxe7+ Qxe7 20.Rd1 Nf8 21.Ra3 Ne6 22.Rad3 Qc5
23.Qf3 Qxc2 24.Rd7 Rf8 25.Ng3 Nd4 26.Qg4 Rad8 27.Rxd8 Rxd8 28.Rf1 Ne6 29.h4 Qd2
30.Nf5 Qf4 31.Ne7+ Kf8 32.Ng6+ fxg6 33.Qxe6 gxh4 34.Qxg6 Kg8 35.Qe6+ Kh7
36.Qe7 Rd3 37.Qe8 Qf6 38.Kh2 Rd6 39.Qc8 Qf4+ 40.Kg1 Qxe4 41.Qh3 Rg6 42.Rd1 Qg4
43.Rd3 Qxh3 44.Rxh3 Rg4 45.Rb3 b6 46.a5 b5 47.Re3 Ra4 48.Rxe5 Rxa5 49.Rc5 Ra1+
50.Kh2 Ra2 51.Rxc6 Rxb2 52.Ra6 Rxf2 53.Rxa7 Rf4 54.Ra6 Rf6 55.Ra2 b4 56.Kh3 g5
57.Ra7+ Kg6 58.Rb7 Rf4 59.Rb5 Re4 60.Kh2 Kh5 61.g3 Kg4 62.gxh4 Kxh4 63.Kg2 Kg4
64.Kf2 Kf4 65.Rb8 g4 66.Rb5 Rc4 67.Rb8 g3+ 68.Kf1 Kf3  0-1

[Event "Copenhagen Cup IMA 2012"]
[Site "Copenhagen DEN"]
[Date "2012.10.17"]
[Round "1.1"]
[White "Ochsner,B"]
[Black "Teplyi,I"]
[Result "0-1"]
[WhiteElo "2322"]
[BlackElo "2386"]

1.e4 d6 2.d4 Nf6 3.Nc3 e5 4.Nf3 Nbd7 5.Bc4 Be7 6.O-O O-O 7.Re1 a5 8.a4 Nb6
9.Ba2 exd4 10.Nxd4 Nfd7 11.Nd5 Nxd5 12.exd5 Nc5 13.Bb1 Bf6 14.Be3 Bd7 15.c3 Re8
16.Bc2 g6 17.h3 Re7 18.b3 Re8 19.Qf3 Bg7 20.Rad1 Qh4 21.Ne2 Ne4 22.Bd4 Bf5
23.Bxe4 Bxe4 24.Qf4 Qxf4 25.Nxf4 Bc2 26.Rxe8+ Rxe8 27.Rc1 Bxd4 28.cxd4 Bxb3
29.Rxc7 Rb8 30.Ne2 Bxa4 31.Nc3 Bb3 32.Nb5 a4 33.Nxd6 a3 34.Nxf7 a2 35.Nh6+ Kf8
36.Rc1 Bxd5 37.Ng4 Ra8 38.Ra1 Ra5 39.Ne3 Rb5 40.Nxd5 Rb1+  0-1

[Event "Copenhagen Cup IMB 2012"]
[Site "Copenhagen DEN"]
[Date "2012.10.17"]
[Round "1.1"]
[White "Rydstrom,Tom"]
[Black "Rusev,K"]
[Result "0-1"]
[WhiteElo "2140"]
[BlackElo "2549"]

1.e4 d6 2.d4 Nf6 3.Nc3 e5 4.dxe5 dxe5 5.Qxd8+ Kxd8 6.Bg5 Be6 7.O-O-O+ Nd7
8.Nf3 Bd6 9.Bb5 Kc8 10.Bxf6 Nxf6 11.Ng5 a6 12.Nxe6 fxe6 13.Bc4 Re8 14.f3 b5
15.Bb3 Kd7 16.a4 Reb8 17.Ne2 Ke7 18.axb5 axb5 19.Kd2 Nd7 20.Ra1 Nc5 21.Rhd1 c6
22.Ke1 Bc7 23.Rxa8 Rxa8 24.Nc1 Bb6 25.Ke2 h5 26.Nd3 Nd7 27.c4 Bd4 28.cxb5 cxb5
29.Rc1 Kd6 30.Kd2 g5 31.Kc2 Rc8+ 32.Kd2 Ra8 33.Kc2 Be3 34.Re1 Rc8+ 35.Kd1 Bd4
36.Re2 g4 37.f4 exf4 38.Nxf4 Nc5 39.Bc2 Bxb2 40.g3 Bc3 41.Nxh5 b4 42.Nf4 b3
43.Bb1 Ra8 44.Re3 Bd4 45.Re1 Ra2 46.Re2 Ra1 47.Kc1 e5  0-1

[Event "28th European Club Cup"]
[Site "Eilat ISR"]
[Date "2012.10.17"]
[Round "7.14"]
[White "Hauge,Lars Oskar"]
[Black "Naylor,J"]
[Result "1/2-1/2"]
[WhiteElo "2174"]
[BlackElo "2144"]

1.e4 d6 2.d4 Nf6 3.Nc3 Nbd7 4.Nf3 e5 5.Bc4 Be7 6.O-O c6 7.a4 a5 8.h3 h6 9.Ba2 Qc7
10.Be3 g5 11.Qe2 Nf8 12.Qc4 Ne6 13.d5 cxd5 14.Qxc7 Nxc7 15.exd5 Bf5 16.Rac1 Ne4
17.Nxe4 Bxe4 18.Rfd1 Kd7 19.Bc4 Bxf3 20.gxf3 f5 21.Bb6 Bd8 22.c3 Na6 23.Bb5+ Ke7
24.Bxd8+ Rhxd8 25.b4 Nc7 26.Bc4 Na6 27.Bd3 Kf6 28.Rb1 axb4 29.cxb4 Rdc8 30.Rb3 Rc7
31.a5 Rac8 32.Bxa6 bxa6 33.b5 axb5 34.Rxb5 e4 35.fxe4 fxe4 36.a6 Rc1 37.Rxc1 Rxc1+
38.Kg2 Ra1 39.Rb7 Rxa6 40.Rh7 Ke5 41.Rxh6 Kxd5 42.Rg6 Kd4 43.Rxg5 d5 44.h4 Re6  1/2-1/2

[Event "28th European Club Cup"]
[Site "Eilat ISR"]
[Date "2012.10.17"]
[Round "7.13"]
[White "Dancevski,O"]
[Black "Broekmeulen,Ja"]
[Result "0-1"]
[WhiteElo "2389"]
[BlackElo "2410"]

1.d4 d6 2.e4 Nf6 3.Nc3 e5 4.dxe5 dxe5 5.Qxd8+ Kxd8 6.Bc4 Ke8 7.Bg5 c6 8.O-O-O Nbd7
9.Nf3 Bc5 10.Bh4 Bb6 11.Rhe1 Bc7 12.Ng5 Rf8 13.f4 b5 14.Bxb5 cxb5 15.Nxb5 Bb8
16.fxe5 Bxe5 17.Bg3 Ke7 18.Nd6 g6 19.Nc4 Bxg3 20.hxg3 h6 21.Nf3 Nb6 22.Na5 Bd7
23.e5 Nfd5 24.c4 Rfc8 25.b3 Nb4 26.Nd4 Nxa2+ 27.Kb2 Nb4 28.Ka3 Rab8 29.Re4 Be8
30.e6 f5 31.Re5 Kf6 32.Re2 Na6 33.e7 Nc5 34.g4 Ne4 35.gxf5 gxf5 36.Rf1 Rc5
37.b4 Rxa5+ 38.bxa5 Nxc4+ 39.Ka2 Nc3+ 40.Ka1 Nxe2 41.Nxe2 Nxa5 42.g4 Rb5
43.Ng3 Nb3+ 44.Ka2 Nd4 45.Ne4+ Ke5 46.Nd2 fxg4 47.Rf8 Rb8 48.Nc4+ Ke6 49.Rf4 Nf5
50.Re4+ Kf6 51.Rxg4 Bf7  0-1

[Event "Copenhagen Cup IMB 2012"]
[Site "Copenhagen DEN"]
[Date "2012.10.18"]
[Round "3.3"]
[White "Rudolf,An"]
[Black "Rusev,K"]
[Result "1/2-1/2"]
[WhiteElo "2294"]
[BlackElo "2549"]

1.e4 d6 2.d4 Nf6 3.Nc3 e5 4.dxe5 dxe5 5.Qxd8+ Kxd8 6.Bc4 Be6 7.Bxe6 fxe6
8.Be3 Nbd7 9.f3 a6 10.O-O-O Bb4 11.Nge2 Ke7 12.a3 Bc5 13.Bxc5+ Nxc5 14.Kd2 b5
15.Ke3 Ne8 16.Nc1 Nd6 17.b3 a5 18.Nd3 Nd7 19.Nb2 Nb6 20.a4 b4 21.Nb1 c5 22.Nd3 Nd7
23.c4 bxc3 24.Nxc3 Rab8 25.Rb1 Rb6 26.Kd2 Rc8 27.Kc2 c4 28.bxc4 Nxc4 29.Rxb6 Ncxb6
30.Ra1 Rc4 31.Ra3 Rd4 32.Ra1 Kf6 33.Ra2 h5 34.h4 Rc4 35.Nb2 Rc6 36.Nd3 Nb8
37.Ra1 Na6 38.Kb3 Rc4 39.g3 Nb8 40.Nb5 N8d7 41.Ra2 Rc6 42.Rd2 Rc4 43.Ra2 Nb8
44.Ra1 Na6 45.Nc3 Rc8 46.Nb5 Rd8 47.Kc3 g6 48.Ra3 Nb8 49.Kc2 Nc6 50.Rc3 Nb8
51.Kb3 Na6 52.Nc5 Nb4 53.Nb7 Ra8 54.Rc7 g5 55.N5d6 gxh4 56.gxh4 Nd3 57.Rf7+  1/2-1/2

[Event "Copenhagen Cup IMA 2012"]
[Site "Copenhagen DEN"]
[Date "2012.10.18"]
[Round "3.3"]
[White "Eriksson,C"]
[Black "Teplyi,I"]
[Result "1/2-1/2"]
[WhiteElo "2098"]
[BlackElo "2386"]

1.e4 d6 2.d4 Nf6 3.Nc3 e5 4.Nf3 Nbd7 5.Bc4 Be7 6.O-O O-O 7.Re1 a5 8.a4 Nb6
9.Bb3 exd4 10.Qxd4 Bg4 11.Qe3 Nfd7 12.h3 Be6 13.Nd5 Bxd5 14.Bxd5 Nxd5 15.exd5 Bf6
16.Qa3 Nb6 17.Qb3 c6 18.c4 cxd5 19.cxd5 Rc8 20.Be3 Nc4 21.Rac1 Nxe3 22.Rxc8 Qxc8
23.Rxe3 Qd7 24.Re2 Rc8 25.Rc2 Rxc2 26.Qxc2 g6 27.b3 Bd8 28.Nd2 Bb6 29.Nc4 Qc7
30.Qd3 Bc5 31.Qd2 b6 32.Qe2 Qd8 33.Nd2 Qg5 34.Ne4 Qe5 35.Qd3 Bd4 36.Kf1 f5
37.Nxd6 Qf4 38.f3 Qc1+ 39.Ke2 Bc3 40.Qd1 Qb2+ 41.Kf1 Bd4 42.Qe2 Qb1+ 43.Qe1 Qd3+  1/2-1/2

[Event "NIT Nagpur GM Open 2012"]
[Site "Nagpur IND"]
[Date "2012.10.18"]
[Round "5.6"]
[White "Narayanan,Sri"]
[Black "Sangma,R"]
[Result "1/2-1/2"]
[WhiteElo "2448"]
[BlackElo "2345"]

1.e4 d6 2.d4 Nf6 3.Nc3 e5 4.Nf3 Nbd7 5.Bc4 Be7 6.O-O O-O 7.a4 a6 8.a5 b5
9.axb6 cxb6 10.Re1 Bb7  1/2-1/2

[Event "Spice Cup Open"]
[Site "Saint Louis USA"]
[Date "2012.10.18"]
[Round "6"]
[White "Hendrickson,Nolan R"]
[Black "Kleiman,J"]
[Result "1/2-1/2"]
[WhiteElo "2146"]
[BlackElo "2377"]

1.e4 d6 2.d4 Nf6 3.Nc3 e5 4.Nf3 Nbd7 5.h3 c6 6.Be3 b5 7.a3 Be7 8.d5 cxd5
9.Nxd5 Bb7 10.Nxf6+ Nxf6 11.Bxb5+ Kf8 12.O-O Nxe4 13.Qe2 Qc7 14.c4 h6 15.Rad1 g6
16.Nh2 Kg7 17.Ng4 a6 18.Ba4 Rac8 19.Nxe5 Qa5 20.Bc6 Rxc6 21.Nxc6 Bxc6 22.Bd4+ Bf6
23.Bxf6+ Kxf6 24.b4 Qxa3 25.f3 Qxb4 26.fxe4+ Kg7 27.Qf2 Qc5 28.Rd4 Rf8 29.Qf6+ Kg8
30.Qxd6 Qxd6 31.Rxd6 Bxe4 32.Rxa6 Rb8 33.Ra3 Rb2 34.Rf2 Rb1+ 35.Kh2 Rc1 36.Ra7 Bf5
37.Rc7 Rc3 38.Rf3 Rc2 39.Re3 Be6 40.Rc6 Kg7 41.Kg3 Bxc4 42.Ra3 Rxg2+ 43.Kxg2 Bd5+
44.Kg3 Bxc6 45.h4 h5  1/2-1/2

[Event "Spice Cup Open"]
[Site "Saint Louis USA"]
[Date "2012.10.18"]
[Round "6"]
[White "Agrest,I"]
[Black "Jung,HansR"]
[Result "1-0"]
[WhiteElo "2204"]
[BlackElo "2150"]

1.e4 d6 2.d4 Nf6 3.Nc3 Nbd7 4.Nf3 e5 5.g4 exd4 6.Nxd4 Nc5 7.Rg1 Ne6 8.Be3 h5
9.h3 hxg4 10.hxg4 Nxd4 11.Bxd4 Qe7 12.Qe2 a6 13.O-O-O Be6 14.f4 c5 15.Bxf6 Qxf6
16.f5 Bd7 17.Nd5 Qg5+ 18.Kb1 O-O-O 19.e5 Bxf5 20.gxf5 Qxg1 21.Bg2 Qh2 22.Qe4 Kb8
23.Rh1 Qxe5 24.Rxh8 Qxe4 25.Bxe4 Be7 26.Rh7 Bf6 27.Nxf6 gxf6 28.c4 Re8 29.Bd5 Re5
30.Rxf7 Rxf5 31.Rxb7+ Kc8 32.Be6+ Kxb7  1-0

[Event "Advokatfirmaet Finn GpA"]
[Site "Harstad NOR"]
[Date "2012.10.19"]
[Round "2"]
[White "Royset,P"]
[Black "Kiik,K"]
[Result "0-1"]
[WhiteElo "2193"]
[BlackElo "2419"]

1.e4 d6 2.d4 Nf6 3.Nc3 e5 4.Nf3 Nbd7 5.g3 Be7 6.Bg2 O-O 7.O-O Re8 8.Re1 c6
9.a4 Qc7 10.h3 Bf8 11.b3 b6 12.Ba3 Bb7 13.Qd2 a6 14.Rad1 Rad8 15.Nh4 exd4
16.Qxd4 c5 17.Qd2 Ne5 18.Bb2 g6 19.Nd5 Bxd5 20.exd5 Bg7 21.Re2 b5 22.axb5 axb5
23.Rde1 Qb8 24.Qa5 Nh5 25.Qa1 Nd7 26.Bxg7 Nxg7 27.Nf3 Rxe2 28.Rxe2 Re8 29.Bf1 Rxe2
30.Bxe2 Ne8 31.Qa6 b4 32.Bb5 Ndf6 33.Bc6 Qd8 34.h4 Qe7 35.Qd3 Ng7 36.Kg2 Nf5
37.Nd2 Kf8 38.Nf3 Ng4 39.h5 Kg7 40.hxg6 fxg6 41.c3 bxc3 42.Qxc3+ Qf6 43.Qd2 Ne5
44.Qc3 Nxf3 45.Qxf3 Nd4 46.Qe3 h5 47.Be8 Qe5 48.Qxe5+ dxe5 49.Ba4 Kf7 50.Kh3 g5
51.Kg2 Ke7 52.Kh3 e4 53.Kg2 Kd6 54.Be8 h4 55.gxh4 gxh4 56.Kh3 Nxb3 57.Kxh4 c4
58.Bh5 Nd4 59.Bd1 Kxd5 60.Kg5 Ke5 61.Kg4 c3  0-1

[Event "16th Unive Open"]
[Site "Hoogeveen NED"]
[Date "2012.10.19"]
[Round "1"]
[White "Slingerland,C"]
[Black "Hopman,P"]
[Result "0-1"]
[WhiteElo "2103"]
[BlackElo "2344"]

1.e4 d6 2.d4 Nf6 3.Nc3 e5 4.f4 exd4 5.Qxd4 Nc6 6.Qd1 g6 7.Nf3 Bg7 8.Bd3 O-O
9.O-O Nd7 10.f5 Nce5 11.Kh1 Nxf3 12.Qxf3 c6 13.Qg3 Be5 14.Bf4 Qf6 15.Rad1 b5
16.Ne2 Bb7 17.c3 Rad8 18.Bc2 Kh8 19.Qh3 g5 20.Be3 c5 21.Ng3 Rg8 22.Nh5 Qh6
23.Nf4 Qxh3 24.Nxh3 h6 25.Nf2 Nf6 26.Kg1 Kg7 27.g3 Rge8 28.Rfe1 Bc6 29.a3 a5
30.Kf1 Rb8 31.Bc1 b4 32.axb4 axb4 33.Re3 Re7 34.Rde1 bxc3 35.bxc3 Ra7 36.h4 gxh4
37.gxh4 Ra2 38.Bd3 Bxc3 39.Rg3+ Kh7 40.Rd1 Ba4 41.Bc4 Rxf2+ 42.Kxf2 Bxd1
43.Rxc3 Nxe4+ 44.Ke1 Nxc3 45.Kd2 d5  0-1